| 000 | 00718nam a2200265Ia 4500 | ||
|---|---|---|---|
| 001 | dia_2834 | ||
| 003 | CHAP | ||
| 005 | 20230508111508.0 | ||
| 008 | 220117s1992 xx 000 0 und d | ||
| 010 | _a173334 | ||
| 040 | _cCHAP | ||
| 082 | _a664.752 M3 | ||
| 100 |
_aMatz, Samuel A. _973124 |
||
| 245 |
_aCookie and Cracker Technology / _c by Samuel A. Matz |
||
| 260 |
_aNew york : _b AVI, _c1992 |
||
| 300 | _a404 p. | ||
| 500 | _aI. 174892 | ||
| 650 |
_aGalletas _944431 |
||
| 650 |
_aGalletas _xTecnologĂa _9153578 |
||
| 650 |
_aIndustria panificadora _957906 |
||
| 901 | _a664.752 M3 | ||
| 902 | _aM | ||
| 905 | _a0000001992 NEW 0000000000ING00 | ||
| 942 |
_cLIBRO _2ddc |
||
| 999 |
_c173334 _d173334 |
||